Global manufacturing research group. Volume1: Collected papers
Wedi'i Gadw mewn:
| Prif Awdur: | |
|---|---|
| Fformat: | Llyfr |
| Iaith: | Undetermined |
| Cyhoeddwyd: |
Tokyo
Kenan Institute
1992
|
| Pynciau: | |
| Tagiau: |
Ychwanegu Tag
Dim Tagiau, Byddwch y cyntaf i dagio'r cofnod hwn!
|
| Thư viện lưu trữ: | Trung tâm Học liệu Trường Đại học Cần Thơ |
|---|
| LEADER | 00618nam a2200205Ia 4500 | ||
|---|---|---|---|
| 001 | CTU_95182 | ||
| 008 | 210402s9999 xx 000 0 und d | ||
| 082 | |a 338.4 | ||
| 082 | |b W629/Vol.1 | ||
| 100 | |a Whybark, D. Clay | ||
| 245 | 0 | |a Global manufacturing research group. Volume1: | |
| 245 | 0 | |b Collected papers | |
| 245 | 0 | |c D. Clay Whybark and Gyula Vastag | |
| 260 | |a Tokyo | ||
| 260 | |b Kenan Institute | ||
| 260 | |c 1992 | ||
| 650 | |a Production planning.,Production control.,Manufacturing processes | ||
| 650 | |x Technological | ||
| 904 | |i Năm | ||
| 980 | |a Trung tâm Học liệu Trường Đại học Cần Thơ | ||